History Quiz

Random History or Politics Quiz

Political Parties of Norway (historical edition) Quiz Stats

 Plays Quiz not verified by Sporcle

Challenge
Share
Tweet
Embed
Score 0/20 Timer 06:00
0 Plays Today
Years in Parliament Party % Correct
1882-1940; 1945-1985; 1993-Liberal Party (Venstre)
97.4%
1882-1906; 1909-1940; 1945-Conservative Party (Høyre)
97.4%
1903-1940; 1945-Labour Party (Arbeiderpartiet)
97.4%
1961-1969; 1973-Socialist Left Party (Sosialistisk Venstreparti)
95.7%
1918-1940; 1945-Centre Party (Senterpartiet)
93.2%
1973-1977; 1981-Progress Party (Fremskrittspartiet)
92.3%
1933-1940; 1945-Christian People's Party (Kristelig Folkeparti)
88.9%
1993-1997Red Electoral Alliance (Rød Valgallianse)
88.9%
1997-2005Coastal Party (Kystpartiet)
69.2%
1924-1930; 1945-1949; 1953-1961Communist Party of Norway (Norges Kommunistiske Parti)
58.1%
Years in Parliament Party % Correct
1909-1936Liberal Left Party (Frisinnede Venstre)
28.2%
1888-1906Moderate Liberal Party (Moderate Venstre)
11.1%
1903-1909Coalition Party (Samlingspartiet)
7.7%
1933-1940Society Party (Samfundspartiet)
7.7%
1894-1897Centre (Centrum)
6%
1900-1936Labour Democrats (Arbeiderdemokratene)
5.1%
1814-1879; 1915-1921Independent (Uavhengige)
4.3%
1921-1927Social Democratic Labour Party (Norges Socialdemokratiske Arbeiderparti)
3.4%
1973-1977The New People's Party (Det Nye Folkepartiet)
2.6%
1989-1993Future for Finnmark (Folkeaksjonen Felles Fremtid for Finnmark)
2.6%

You're not logged in!

Compare scores with friends on all Sporcle quizzes.
OR
Log In

You Might Also Like...

Show Comments

Extras

Top Quizzes Today


Score Distribution

Your Account Isn't Verified!

In order to create a playlist on Sporcle, you need to verify the email address you used during registration. Go to your Sporcle Settings to finish the process.

Report this User

Report this user for behavior that violates our Community Guidelines.

Details: